| 000 | 01341cam a2200361 a 4500 | ||
|---|---|---|---|
| 003 | OSt | ||
| 005 | 20140310182751.0 | ||
| 008 | 111205s2012 miu 001 0 eng | ||
| 010 | _a 2011049261 | ||
| 020 | _a9780802867322 (pbk. : alk. paper) | ||
| 020 | _a0802867324 (pbk. : alk. paper) | ||
| 035 | _a(OCoLC)ocn756577470 | ||
| 040 |
_aDLC _beng _cDLC _dYDX _dBTCTA _dLNT _dIMC _dYDXCP _dBWX _dDLC |
||
| 042 | _apcc | ||
| 050 | 0 | 0 |
_aBT 821.3 _b.Su957 2012 |
| 082 | 0 | 0 |
_aM 264.041 _2S86 2012 |
| 100 | 1 | _aSundberg, Walter. | |
| 245 | 1 | 0 |
_aWorship as repentance _bLutheran liturgical traditions and Catholic consensus _cSundberg, Walter |
| 260 |
_aGrand Rapids, Mich. : _bW.B. Eerdmans Pub. Co., _c2012. |
||
| 300 |
_axvi, 190 p. ; _c23 cm. |
||
| 500 | _aIncludes index. | ||
| 505 | 0 | _aWorship as repentance -- The witness of the early church -- Luther and the binding key -- The attack on private confession -- Emergence of an opposing tradition. | |
| 521 | _aCollege | ||
| 526 | _c1210L-1700L | ||
| 541 | _j1 | ||
| 562 | _e1 | ||
| 650 | 0 |
_aLutheran Church _xLiturgy. |
|
| 650 | 0 | _aLiturgics. | |
| 650 | 0 |
_aPublic worship _xHistory of doctrines. |
|
| 906 |
_a7 _bcbc _corignew _d1 _eecip _f20 _gy-gencatlg |
||
| 942 |
_2lcc _cBK _kM |
||
| 999 |
_c15748 _d15748 |
||